000
00301 a2200109 4500
001
ART_42609
005
20260410161808.0
008
260409a
245
1
0
_a
Quiebra
100
1
_a
Arduino, Augusto H.L.
773
0
_t
Doctrina Societaria y Concursal
_g
- NÂș 354 (mayo 2017)
_w
REV4298
999
_c
21177
_d
21177